19 Tracklist (Adele) - Statistics

General Stats
  • This quiz has been taken 38 times
  • The average score is 10 of 12
Answer Stats
Hint Answer % Correct
1 Daydreamer
95%
4 Cold Shoulder
91%
5 Crazy For You
86%
7 First Love
86%
9 Make You Feel My Love
86%
10 My Same
86%
11 Tired
86%
3 Chasing Pavements
82%
12 Hometown Glory
82%
6 Melt My Heart To Stone
82%
8 Right As Rain
82%
2 Best For Last
77%
No matching quizzes found
Score Distribution
Percent of People with Each Score
Percentile by Number Answered
Your Score History
You have not taken this quiz